Дело о разрешении заграничного отпуска профессору Л.Ф. Кемтцу с научной целью

Доступно только в Электронных читальных залах Найти на картеНа карте
RUSMARC
00004238nmc2a2200000 x 450
001abb74b01-7fde-4e88-9c3d-9da662b2d347
00520170414183039.0
100##$a20140611l18551855k l0rusy0189 ca
1010#$arus
102##$aRU
2001#$aДело о разрешении заграничного отпуска профессору Л.Ф. Кемтцу с научной целью
$j27 февраля - 29 апреля 1855 г.
251##$cДело
300##$aДело
300##$aОриг. заголовок дела: Дело об увольнении в отпуск за границу ординарного профессора Дерптского университета статского советника Кемтца с выдачей пособия. 27 февраля 1855 г. - 29 апреля 1855 г
801#0$aRU
$bРГИА
$c20140611
$gRCR
801#1$aRU
$bГлавНИВЦ
$c20140611
$2rusmarc
801#2$aRU
$bПБ им. Б.Н. Ельцина
$c20170414
$gRCR
$2rusmarc
850##$aРГИА
852##$aРГИА
$eФедеральное казенное учреждение "Российский государственный исторический архив" (РГИА)
$j479
937##$hРГИА
$d11175770
$aASBIBLIO_SCAN
462#0$1001fe4edb2a-8658-4269-9710-afcb460e1db3
$12001
$aДела Департамента народного просвещения по Дерптскому учебному округу за 1837-1862 гг.
$1251
$cОпись
$1852
$j57
461#0$1001a74412a3-3cc5-4d21-8f0a-dfe2fbd9e72d
$12001
$aДепартамент народного просвещения Министерства народного просвещения (1803-1917)
$1251
$cФонд
$1852
$j733
215##$a13 л.
$d36,5x26 см
371##$aДокумент не является опубликованным и широко распространяемым
105##$aу###
1222#$ad
5171#$aДело об увольнении в отпуск за границу ординарного профессора Дерптского университета статского советника Кемтца с выдачей пособия. 27 февраля 1855 г. - 29 апреля 1855 г
035##$aabb74b01-7fde-4e88-9c3d-9da662b2d347
856##$uhttp://readingroom.main.prlib.ru/item.aspx?id_node=n97000186&mode=full
Формат отображения